00330nam a2200133Ia 4500008004100000041000800041082001500049100001800064245002300082250001500105260003300120300003200153365001100185240624s9999 xx 000 0 und d aeng a658.83 AAK aAAKER DAVID A aMARKETING RESEARCH a(10th ed.) c2011aNew DelhibWiley India axvii, : 701 : p. : cm. ; 23 cRSb31